Países más lejanos de Buenos Aires - Estadísticas

Estadísticas generales
  • Esta prueba ha sido intentada 40 veces
  • La puntuación promedio es 16 de 20
Estadísticas de respuestas
km País % Correcto
15.765 China
97%
17.619 Japón
97%
18.830 Corea del Norte
89%
19.260 Corea del Sur
89%
18.600 Taiwán
89%
17.212 Laos
86%
16.820 Mongolia
86%
16.167 Tailandia
86%
16.677 Camboya
84%
16.738 Filipinas
84%
15.860 Singapur
84%
16.649 Vietnam
84%
16.061 Nepal
81%
15.859 Malasia
78%
16.786 Bután
76%
16.340 Myanmar
73%
16.542 Bangladés
70%
16.537 Brunéi
68%
16.324 Palaos
54%
15.410 Kirguistán
51%
No se encontraron pruebas coincidentes
Distribución de puntuación
Porcentaje de gente con cada puntuación
Porcentaje por número respondido
Historial de tus puntuaciones
No has intentado esta prueba.